000 00768nam a22002177a 4500
999 _c8334
_d8334
003 AR-CdUCM
008 190322b ||||| |||| 00| 0 spa d
040 _aMUNICIPALIDAD PROVINCIAL DEL CUSCO
_cBIBLIOTECA MUNICIPAL DEL CUSCO
082 _a512 /
_bS75
100 _aSpiegel, Murray R
_923393
245 _aTeoría y problemas de cálculo superior /
260 _aColombia :
_bLibros McGraw-Hill,
_c1969.
300 _a381 paginas ;
_c29 cm.
505 _aContenido :Números -- Funciones, limites y continuidad -- Sucesiones -- Derivados -- Integrales ...
650 _aAnálisis matemático
_920053
650 _aProblemas, ejercicios,
_919962
650 _aCálculos
_921077
700 _aCastaño, Jesús María
_923394
942 _2ddc
_cLIBROS
945 _arum